|
|
|
|
| LEADER |
00000nam0a2200000 4500 |
| 001 |
367397 |
| 005 |
20231102011958.0 |
| 035 |
|
|
|a (RuTPU)RU\TPU\retro\24760
|
| 090 |
|
|
|a 367397
|
| 100 |
|
|
|a 20220311d1979 m y0rusy50 ca
|
| 101 |
0 |
|
|a rus
|
| 102 |
|
|
|a RU
|
| 105 |
|
|
|a a j 001zy
|
| 200 |
1 |
|
|a Расчет и конструирование нагревательных устройств металлургического производства
|e учебное пособие
|f А. У. Пуговкин
|g Ленинградский политехнический институт им. М. И. Калинина
|
| 210 |
|
|
|a Ленинград
|c [Б. и.]
|d 1979
|
| 215 |
|
|
|a 62 с.
|c ил.
|
| 320 |
|
|
|a Библиогр.: с. 56
|
| 606 |
1 |
|
|a Нагревательные печи
|x Конструкция и расчет
|2 stltpush
|3 (RuTPU)RU\TPU\subj\72747
|9 86151
|
| 610 |
1 |
|
|a термические печи
|
| 610 |
1 |
|
|a исходные данные
|
| 610 |
1 |
|
|a печи непрерывного действия
|
| 610 |
1 |
|
|a металл
|
| 610 |
1 |
|
|a нагрев
|
| 610 |
1 |
|
|a тепловые схемы
|
| 610 |
1 |
|
|a учебные пособия
|
| 675 |
|
|
|a 621.783.2.001(075.8)
|v 4
|
| 700 |
|
1 |
|a Пуговкин
|b А. У.
|g Александр Устинович
|
| 712 |
0 |
2 |
|a Ленинградский политехнический институт им. М. И. Калинина
|c (1924-1930, 1940-1990)
|2 stltpush
|3 (RuTPU)RU\TPU\col\2601
|9 23711
|
| 801 |
|
1 |
|a RU
|b 63413507
|c 20220311
|
| 942 |
|
|
|c BK
|